000 00390 a2200145 4500
005 20250319104654.0
020 _a0-669-16801-7
082 _a510 LAR
100 _aLARSON, R. E.
245 _aFinite Mathematics
260 _aLexington,
_bD.C Heath and Company,
_c1991.
300 _axii, 500p.: ill.; graph, table.
_bIndex.
_c25cm.
700 _aEDWARDS, B. H. & HEYD, D. E.
942 _2ddc
_cBKS
999 _c948
_d948